000 00774nam a22002537a 4500
005 20260129114116.0
008 260129b |||||||| |||| 00| 0 eng d
020 _a978-81-990935-0-8
037 _cTB
040 _aCRL
_cCRL
041 _2eng
_aeng
084 _aO168,1N36:g 111R5
_qCRL
100 _aHanfi, Muzaffar
_91112653
245 _aHindustan in Urdu
260 _aNew Delhi, India:
_bNaamak Publications,
_c2025.
300 _a173p.
365 _b349
_cINR
650 _aUrdu Literature
_91112654
650 _aUrdu Poetry
_91112655
700 _aMuzaffar, Feroze
_eEditor
_91112682
700 _aArif, Faraaz
_eTranslator
_91112683
942 _2CC
_cTB
_hO168,1N36:g 111R5
_n0
999 _c1678339
_d1678339